Normal view
MARC view
- Nixon, Richard M.
Entry Personal Name
001 - CONTROL NUMBER
- control field: 109004
003 - CONTROL NUMBER IDENTIFIER
- control field: NUST
005 - DATE AND TIME OF LATEST TRANSACTION
- control field: 20230213123347.0
008 - FIXED-LENGTH DATA ELEMENTS
- fixed length control field: 230213|| aca||aabn | a|a d
040 ## - CATALOGING SOURCE
- Original cataloging agency: NUST
- Transcribing agency: NUST
100 ## - HEADING--PERSONAL NAME
- Personal name: Nixon, Richard M.
- Dates associated with a name: 1913-1994
670 ## - SOURCE DATA FOUND
- Source citation: Work cat.: (NUST)187607: Kissinger, Henry, 46579, White House Years /, c1979.
